Statistics for Nevada State Quiz

Click here to take the quiz!

General Stats

  • This quiz has been taken 72 times
  • The average score is 8 of 14

Answer Stats

HintAnswer% Correct
CapitalCarson City
100%
Largest CityLas Vegas
100%
Third largest cityReno
95%
Above is east of what lakeLake Tahoe
79%
Second largest cityHenderson
76%
Above is in what desertMojave Desert
74%
Fourth largest cityNorth Las Vegas
60%
Above is in what mountain rangeSierra Nevada
48%
Fifth largest citySparks
38%
#5 is south of what lakePyramid Lake
26%
Highest PointBoundary Peak
24%
Desert north of RenoBlack Rock Desert
19%
Elko is on what river?Humboldt River
14%
Mountain range on the border with UtahSchell Creek Mountains
5%

Score Distribution

Percentile by Number Answered

Percent of People with Each Score

Your Score History

You have not taken this quiz